Les 10 villes les plus peuplées du Vaucluse (84) - Statistiques

Statistiques générales
  • Ce quiz a été pris 105 fois
  • Le résultat moyen est 7 sur 10
Statistiques - réponses
Population Communes % Correct
91 800 Avignon
100%
29 400 Orange
92%
30 900 Carpentras
90%
25 900 Cavaillon
76%
18 000 Le Pontet
62%
19 000 Sorgues
60%
19 800 Pertuis
54%
13 900 Bollène
52%
20 300 L'Isle-sur-la-Sorgue
46%
13 200 Monteux
33%
Aucun quiz correspondant
Distribution des résultats
% des personnes avec chaque résultat
Percentile par nombre de réponses
Votre historique - résultats
Vous n’avez pas pris ce quiz